Microsoft Win32 Internet Functions Overview (E-Book) (Record no. 191142)

000 -LEADER
fixed length control field 00211 a2200097 4500
003 - CONTROL NUMBER IDENTIFIER
control field Nust
005 - DATE AND TIME OF LATEST TRANSACTION
control field 20170207154009.0
040 ## - CATALOGING SOURCE
Transcribing agency Nust
245 ## - TITLE STATEMENT
Title Microsoft Win32 Internet Functions Overview (E-Book)
300 ## - PHYSICAL DESCRIPTION
Extent 244 P;
651 ## - SUBJECT ADDED ENTRY--GEOGRAPHIC NAME
Geographic name (E-Book)
Holdings
Withdrawn status Lost status Source of classification or shelving scheme Damaged status Not for loan Collection code Current Location Date acquired Total Checkouts Barcode Date last seen Price effective from Koha item type
            Military College of Signals (MCS) 12/12/2016   MCSEB-325 12/08/2016 12/12/2016 Book
© 2023 Central Library, National University of Sciences and Technology. All Rights Reserved.